| 000 | 00602nam a2200181 i 4500 | ||
|---|---|---|---|
| 001 | 37972 | ||
| 003 | ES-MaACL | ||
| 005 | 20230906155655.0 | ||
| 007 | t| | ||
| 008 | 030224s1964 sp ||||1| spa d | ||
| 100 | 1 |
_aCairncross, A. K. _933480 |
|
| 245 | 1 | 0 |
_aFactores del desarrollo económico / _cA. K. Cairncross ; prólogo de Emilio de Figueroa ; traducción de Raimundo Poveda. |
| 260 |
_aMadrid : _bRevista de Derecho Privado, _c[1964] |
||
| 300 |
_aXX, 448 p. ; _c23 cm. |
||
| 700 | 1 |
_aFigueroa, Emilio de. _950780 |
|
| 700 | 1 |
_aPoveda, Raimundo. _993486 |
|
| 852 |
_aES-MaACL _jC-25881 _bR.54718 |
||
| 999 |
_c37972 _d37972 |
||